000 00835nam a22002417a 4500
008 240605b mp ||||| |||| 00| 0 mon d
020 _a978-9919-517-96-0
035 _a29057
040 _aDA0445040
_bmon
_cMN-UlNLM
_dMN-UlNLM
_erda
041 _amon
042 _a60971
084 _221
_a808.899282343
_bК.989
100 _aКэстнер Э.
245 0 _aНисдэг анги
264 _aУБ.
_bМон судар хэвлэлийн газар
_c2022
300 _a213 х.
336 _2rdacontent
_atext
_btxt
337 _2rdamedia
_aunmediated
_bn
338 _2rdacarrier
_avolume
_bnc
650 _aХүүхдийн шилдэг зохиолын гайхамшгийн эрэлд цуврал номоос ..........
942 _210-t
_cBK
999 _c764749
_d764806